Largest Cities in Central America Map Quiz - Statistics

General Stats
  • This quiz has been taken 201 times
    200 since last reset
  • The average score is 7 of 11
Answers on the Map
Answers color-coded by a green-red scale on the quiz's map according to % correct below.
 
Answer Stats
Population Cities % Correct
881 k Panama
98%
4,704 k Guatemala
97%
2,159 k San Jose
95%
1,767 k San Salvador
93%
2,561 k Managua
90%
1,446 k Tegucigalpa
86%
1,127 k San Pedro Sula
51%
390 k Leon
23%
661 k Quetzaltenango
19%
310 k El Progreso
9%
429 k Jinotega
7%
No matching quizzes found
Score Distribution
Percent of People with Each Score
Percentile by Number Answered
Your Score History
You have not taken this quiz since the last reset